Advances in Nuclear Science and Technology

The editors have pleasure in presenting this volume of our review series. We have specialised in three areas: perturbation Monte Carlo, non-linear kinetics and the transfer of radioactive fluids in rocks. These contributions are linked, however, in the demands for optimising complex systems that are...

Full description

Bibliographic Details
Corporate Author: SpringerLink (Online service)
Format: Electronic eBook
Language:English
Published: Boston, MA : Springer US, 1996.
Series:Advances in Nuclear Science & Technology, 23
Subjects:
Online Access:Full Text via HEAL-Link
LEADER 03216nam a22005055i 4500
001 978-0-306-47810-9
003 DE-He213
005 20151103130111.0
007 cr nn 008mamaa
008 100301s1996 xxu| s |||| 0|eng d
020 |a 9780306478109  |9 978-0-306-47810-9 
024 7 |a 10.1007/b100134  |2 doi 
040 |d GrThAP 
050 4 |a QC770-798 
050 4 |a QC702.7.H42 
050 4 |a QC793.5.H32-793.5.H329 
072 7 |a PHM  |2 bicssc 
072 7 |a SCI051000  |2 bisacsh 
082 0 4 |a 539.7092  |2 23 
245 1 0 |a Advances in Nuclear Science and Technology  |h [electronic resource]. 
264 1 |a Boston, MA :  |b Springer US,  |c 1996. 
300 |a XVII, 194 p. 4 illus.  |b online resource. 
336 |a text  |b txt  |2 rdacontent 
337 |a computer  |b c  |2 rdamedia 
338 |a online resource  |b cr  |2 rdacarrier 
347 |a text file  |b PDF  |2 rda 
490 1 |a Advances in Nuclear Science & Technology,  |x 0065-2989 ;  |v 23 
505 0 |a Contraction of Information and Its Inverse Problem in Reactor System Identification and Stochastic Diagnosis -- Stochastic Perturbation Analysis Applied to Neutral Particle Transport -- Radionuclide Transport in Fractured Rock: an Analogy with Neutron Transport. 
520 |a The editors have pleasure in presenting this volume of our review series. We have specialised in three areas: perturbation Monte Carlo, non-linear kinetics and the transfer of radioactive fluids in rocks. These contributions are linked, however, in the demands for optimising complex systems that are a feature of the scale of nuclear power production. Kuniharu Kishida’s account of Japanese thinking in the application of modern non-linear theory to reactor kinetics and control comes at a time when the community of control scholars is seeking how to apply the new ideas that have led to the prominence of chaos theory to our field. Pr- lems of maintenance in power reactors are as severe as ever and must be solved for credibility to characterise any new program. As much as 30% of unanticipated down-time, for example, is due to the failure of motor op- ated valves. We need a theory to provide for preventive maintenance. This in turn depends heavily on on-line monitoring to anticipate failure as well as expert systems to schedule preventive treatment. Noise theory with its promise of on-line interpretation of information from inchoate breakdown is the key. It is all too likely that the need to deal with major departures makes a non-linear theory of noise essential. We can be grateful that P- fessor Kishida has provided us with such a consistent account. 
650 0 |a Physics. 
650 0 |a Nuclear physics. 
650 0 |a Heavy ions. 
650 0 |a Hadrons. 
650 0 |a Nuclear engineering. 
650 1 4 |a Physics. 
650 2 4 |a Nuclear Physics, Heavy Ions, Hadrons. 
650 2 4 |a Nuclear Engineering. 
710 2 |a SpringerLink (Online service) 
773 0 |t Springer eBooks 
776 0 8 |i Printed edition:  |z 9780306451843 
830 0 |a Advances in Nuclear Science & Technology,  |x 0065-2989 ;  |v 23 
856 4 0 |u http://dx.doi.org/10.1007/b100134  |z Full Text via HEAL-Link 
912 |a ZDB-2-PHA 
912 |a ZDB-2-BAE 
950 |a Physics and Astronomy (Springer-11651)